Víno revue milovníkov vína a vínnej kultúry

Bibliographic Details
Other Authors: Mičko, Ivan (Publishing director)
Format: Journal
Language:Slovak
PhysicalDescription:3 zv. 31 cm
Published: Bratislava NEWS.sk 2009-2011
ISSN:1337-8848
Subjects:

MARC

LEADER 00000cas a2200000 a 4500
001 vtls009494945
003 SK-MaSNL
005 20260228155938.0
008 090423d20092011xo zr p 0 b0slo
022 |a 1337-8848 
035 |a (SVKBB)vtls000308718 
040 |a SVKBB  |b slo  |c SVKBB  |d SAVUK  |d SNK  |e AACR2 
041 0 |a slo 
044 |a xo  |c SK 
072 0 |a 663  |x Priemysel nápojov. Kvasný priemysel. Priemysel pochutín  |2 konspekt 
080 |a 663.2  |2 2001 
080 |a 050  |2 2011 
080 |a (051)-048.55  |2 2011 
080 |a 634.8  |2 2011 
210 0 |a Víno  |b (Bratisl.) 
222 0 |a Víno  |b (Bratislava) 
245 0 0 |a Víno  |b revue milovníkov vína a vínnej kultúry 
260 |a Bratislava  |b NEWS.sk  |c 2009-2011 
300 |a 3 zv.  |c 31 cm 
310 |a Nepravidelné 
362 0 |a Č. 1-2 ( jan./feb. 2009)-č. 1-2 (2011)  |z BA00 
500 |a Registrácia MK SR: EV 2807/08 
500 |a Šéfredaktor: 1-2/2009-2011, Ivan Mičko 
650 0 7 |a víno  |2 SNKPH  |9 1658 
650 0 7 |a vinohradníctvo  |2 SNKPH  |9 1657 
655 7 |a špecializované časopisy  |2 SNKPH  |9 70509 
700 1 |a Mičko, Ivan  |4 pbd  |9 265645 
852 |a Štátna vedecká knižnica v Banskej Bystrici 
910 |a savuk 
910 |a snk 
958 |a OND 
999 |c 964  |d 964 
952 |0 0  |1 0  |4 0  |7 0  |8 0  |a SNK  |b SNK  |d 2018-08-23  |i snk2018/17210  |l 0  |o snkČSB 6754/2011  |p 17A1327769  |r 2026-02-21 21:02:30  |t č. 1-2  |w 2026-02-21  |y PREZ 
952 |0 0  |1 0  |4 0  |7 0  |8 0  |a SNK  |b SNK  |d 2018-08-23  |i snk2018/17211  |l 0  |o snkČSB 6754/2011 D1  |p 17A1327784  |r 2026-02-21 21:02:30  |t č. 1-2  |w 2026-02-21  |y PREZ 
952 |0 0  |1 0  |4 0  |7 0  |8 0  |a SNK  |b SNK  |d 2018-08-23  |i snk2018/17207  |l 0  |o snkČSB 6754/2010  |p 17A1327786  |r 2026-02-21 21:44:31  |t č. 1-2  |w 2026-02-21  |y PREZ 
952 |0 0  |1 0  |4 0  |7 1  |8 0  |a SNK  |b SNK  |d 2018-08-23  |i snk2018/17209  |l 0  |o snkČSB 6754/2010 D1  |p 17A1327785  |r 2026-02-21 21:44:31  |t č. 1-2  |w 2026-02-21  |y NEVYP 
952 |0 0  |1 0  |4 0  |7 0  |8 0  |a SNK  |b SNK  |d 2018-08-21  |i snk2018/17065  |l 0  |o snkČSB 6754/2009  |p 17A1327767  |r 2026-02-21 22:27:02  |t č. 1-4  |w 2026-02-21  |y PREZ  |z Č. 1 je označené ako január-február 2009 
952 |0 0  |1 0  |4 0  |7 0  |8 0  |a SNK  |b SNK  |d 2018-08-21  |i snk2018/17068  |l 0  |o snkČSB 6754/2009 D1  |p 17A1327768  |r 2026-02-21 22:27:02  |t č. 1-4  |w 2026-02-21  |y PREZ